Introducción a la vida espiritual: manual de Teología ascética y mística

Guardat en:
Dades bibliogràfiques
Autor principal: Bouyer, Louis
Format: Llibre
Idioma:espanyol
Publicat: Barcelona, España Herder 1965
Col·lecció:Biblioteca Herder. Sección de Teología y Filosofía. 67
Matèries:
Etiquetes: Afegir etiqueta
Sense etiquetes, Sigues el primer a etiquetar aquest registre!

MARC

LEADER 00000nam a2200000 a 4500
001 UCL2198
003 CL-VaPUC
005 20250227153804.0
008 031017e19650000SP |||||||||||||||||spa|d
999 |c 305554  |d 305552 
040 |c Pontificia Universidad Católica de Valparaíso 
082 0 4 |a 230 BOU 1965  |2 21 
100 0 |a Bouyer, Louis  |9 479246 
245 1 0 |a Introducción a la vida espiritual: manual de Teología ascética y mística 
260 0 3 |a Barcelona, España  |b Herder  |c 1965 
300 |a 367 páginas 
490 0 |a Biblioteca Herder. Sección de Teología y Filosofía.  |v 67 
583 |a last modification  |c 20031017 00:00:00  |k Rodrigo Vera 
650 0 |a Teología   |9 258766 
650 0 |a Vida religiosa  |9 257284 
650 0 |a Cristianismo  |9 257361 
650 0 |a Iglesia Católica  |9 256114 
650 0 |a Oración  |9 313348 
650 0 |a Humanismo cristiano  |9 257489 
650 0 |a Misticismo  |9 265505 
650 0 |a Sacramentos   |9 257270 
942 |c BK  |2 ddc 
945 |d 20031017 00:00:00  |a rbrito 
952 |0 0  |1 0  |2 ddc  |4 0  |6 230_000000000000000_BOU_1965  |7 0  |8 A  |9 369651  |a BIBTEO  |b BIBTEO  |d 2019-11-21  |i 2082233  |o 230 BOU 1965  |p 2082233  |r 2025-01-17  |t 1  |w 2019-11-21  |y BK  |k ICR